Dvě pohádky /

Hlavní autor: Piťha, Petr, 1938-
Jazyk: Čeština
Vydáno: Praha : Comdes, c2000
Edice: Chvilka klidu (Comdes)
Témata:
Fyzický popis: 61 s. ; 15 cm
Knihy
Uloženo v:
LEADER 00786nam a2200265 a 4500
001 000540955
003 CZ BrMZK
005 20100723123046.0
007 ta
008 000115s2000 xr cze d
015 |a cnb000983166 
020 |a 80-902776-3-2 
035 |a (OCoLC)46964560 
040 |a BOA001  |b cze 
080 |a 885.0-93-343.4  |2 MRF 
100 1 |a Piťha, Petr,  |d 1938-  |7 jk01093243  |4 aut 
245 1 0 |a Dvě pohádky /  |c P. Piťha 
260 |a Praha :  |b Comdes,  |c c2000 
300 |a 61 s. ;  |c 15 cm 
490 1 |a Chvilka klidu ;  |v sv. 5 
655 7 |a české pohádky  |7 fd133970  |2 czenas 
830 0 |a Chvilka klidu (Comdes) 
910 |a BOA001  |b 1-1079.538 
990 |a BK 
996 6 |b 2610125572  |c 1-1079.538  |l MZK  |r Sklad / do 1 hodiny  |n 2  |p p.v.  |w 000540955  |u 000010  |a 1  |e BOA001  |j MZK50  |s P